书目信息 |
| 题名: |
褚遂良楷书临习技法精解
|
|
| 作者: | 张电达 编著 | |
| 分册: | ||
| 出版信息: | 郑州 中州古籍出版社 2020.6 |
|
| 页数: | 98页 | |
| 开本: | 34cm | |
| 丛书名: | 历代名家碑帖临习技法精解 | |
| 单 册: | ||
| 中图分类: | J292.112.4 , J292.113.3 | |
| 科图分类: | ||
| 主题词: | 楷书--书法--中国--唐代 | |
| 电子资源: | ||
| ISBN: | 978-7-5348-5806-2 | |
| 000 | 00986nam 2200277 45 | |
| 001 | 490162 | |
| 005 | 20140817200427.0 | |
| 010 | @a978-7-5348-5806-2@dCNY32.00 | |
| 099 | @aCAL 012017079428 | |
| 100 | @a20170515d2016 em y0chiy0110 ea | |
| 101 | 0 | @achi |
| 102 | @aCN@b410000 | |
| 105 | @ah z 000yy | |
| 106 | @ar | |
| 200 | 1 | @a褚遂良楷书临习技法精解@Achu sui liang kai shu lin xi ji fa jing jie@f张电达编著 |
| 210 | @a郑州@c中州古籍出版社@d2020.6 | |
| 215 | @a98页@c摹真@d34cm | |
| 225 | 2 | @a历代名家碑帖临习技法精解@Ali dai ming jia bei tie lin xi ji fa jing jie |
| 330 | @a本书以褚遂良的《雁塔圣教序》、《孟法师碑》为范本,给初学者以技法指导,重点在于对所选的每个字的用笔、结构、用墨等方面的技法进行分析。 | |
| 461 | 0 | @12001 @a历代名家碑帖临习技法精解 |
| 606 | 0 | @a楷书@x书法@y中国@z唐代 |
| 690 | @aJ292.112.4@v5 | |
| 690 | @aJ292.113.3@v5 | |
| 701 | 0 | @a张电达@Azhang dian da@4编著 |
| 801 | @aCN@b江苏凤凰@c20211018 | |
| 905 | @b1355880-3@dJ292.112.4@e746@f4 | |
| 褚遂良楷书临习技法精解/张电达编著.-郑州:中州古籍出版社,2020.6 |
| 98页:摹真;34cm.-(历代名家碑帖临习技法精解) |
| ISBN 978-7-5348-5806-2:CNY32.00 |
| 本书以褚遂良的《雁塔圣教序》、《孟法师碑》为范本,给初学者以技法指导,重点在于对所选的每个字的用笔、结构、用墨等方面的技法进行分析。 |
| ● |
| 相关链接 |
|
|
|
|
正题名:褚遂良楷书临习技法精解
索取号:J292.112.4/746
 
预约/预借
| 序号 | 登录号 | 条形码 | 馆藏地/架位号 | 状态 | 备注 |
| 1 | 1355880 | 213558808 | 第一样本阅览室/ [索取号:J292.112.4/746] | 在馆 | |
| 2 | 1355881 | 213558817 | 第一借阅区/ [索取号:J292.112.4/746] | 在馆 | |
| 3 | 1355882 | 213558826 | 第一借阅区/ [索取号:J292.112.4/746] | 在馆 | |
| 4 | 1355883 | 213558835 | 第一借阅区/ [索取号:J292.112.4/746] | 在馆 |